000 01327naa a22003857a 4500
001 BR7604049
003 BR-BrBNA
005 20240918173920.0
007 ta
008 230509b bl.||||| |||| 00| 0 por d
040 _aBR-BrBNA
_bpor
_cBiblioteca Nacional de Agricultura
041 _a(Pt)
072 _aF00; F27
_b0790
_bG514
090 _aF00 BR7604049
100 1 _aRigitano, O.
100 1 _aOjima, M.
100 1 _aBarreto, G.B.
111 1 _a3. Congresso Brasileiro de Fruticultura
_cRio de Janeiro, RJ (Brazil)
_d14 Jul 1975
245 1 _aProdutividade de nectarinas em Sao Paulo [Prunus persica Nucipersica, cultura irrigada, rendimento, Brasil]
260 3 _aCampinas, SP (Brasil):
_c1976.
500 _aAnais do 3. Congresso Brasileiro de Fruticultura Campinas, SP (Brasil): 1976. v. 2 p. 535-549 (BR7604049-AM)F00
650 _aNECTARINA
650 _aVARIEDADE
650 _aCULTURA IRRIGADA
650 _aIRRIGACAO POR GOTEJAMENTO
650 _aFRUTIFICACAO
650 _aFRUTO
650 _aDESBASTE
650 _aCOMPORTAMENTO DE VARIEDADE
650 _aRENDIMENTO
650 _aSAO PAULO
773 0 _tAnais do 3. Congresso Brasileiro de Fruticultura
_wF00 BR7604049
_gCampinas, SP (Brasil), 1976. v. 2 p. 535-549
909 _a202404
_bLucia
_c55
_dLucia Elande
942 _cAM
_2AGRIS
999 _c307665
_d307665